01602nam a22002897a 450000500170000000800410001702000180005804000070007604100080008308200210009110000210011224500570013325000060019026000380019630000290023436500120026352007440027565000240101965000270104365000240107065000320109465000260112670000230115294200120117599900190118795201060120620230622124745.0230622b ||||| |||| 00| 0 eng d a9788125039525 cAL aeng 223a820.09bDEVI aG N Devy9124581 aIndian Literay criticism:bTheory and Interpretation a2 aHyderabadbOrient Blackswanc2010 axxii,430p.bPBc22x14cm. 2English aIndian Literary Criticism: Theory and Interpretation is a collection of essays by various scholars; the book traces out the Indian tradition of literary criticism. Students of Indian literature need to have access to India s critical tradition. This volume provides teachers, students, and scholars-in-the-making access to some of the key concepts and ideas in the Indian tradition of literary theory. It contains essays from Abhinavagupta, Dandin, Kuntaka, Jnanesvara, Khusrau, Ghalib, Tagore, Aurobindo as well as contemporary critics like Mardhekar, Matilal, Krishnamoorthy and Patankar. In doing so it brings together in one volume some of the most significant literary thinkers in the Indian tradition of the last two thousand years.  aBharatamuni9124582 aAnandavardhana9124583 aAmir Khusra9124584 aRabindranath Tagore9124585 aA K Ramanujan9124586 aDEVY (G N)9124587 2ddccDB c227615d227615 00102ddc40708ENGaALbALd2023-06-16l0o820.09 DEVIpD05866r2023-06-22 00:00:00w2023-06-22yDB